[Event "AUTO-OPEN-4402"]
[Site "http://www.queenalice.com/game.php?id=1810706"]
[Date "2023.4.25"]
[Round "2"]
[White "serinha"]
[Black "pomar"]
[Result "1-0"]
[WhiteElo "2679"]
[BlackElo "1936"]

1. Nh3 e6 2. g3 d5 3. Bg2 c5 4. O-O Nc6 5. d3 Nf6 6. f4 Qb6 7. Nf2 h6 8. e4 dxe4
9. dxe4 e5 10. Nc3 Bd7 11. Nd5 Nxd5 12. exd5 Nd4 13. c3 Nf5 14. fxe5 O-O-O 15.
Re1 Be7 16. a4 Bg5 17. a5 Qb5 18. b3 c4 19. bxc4 Qxc4 20. Re4 Qxc3 21. Bxg5 hxg5
22. Rc1 Qxc1 23. Qxc1+ Kb8 24. Rb4 Rhe8 25. Rxb7+ Kxb7 26. d6+ Ka6 27. Bf1+ Kxa5
28. Qa3+ Kb6 29. Qb4+ Kc6 30. Bg2# 1-0

[Event "AUTO-OPEN-4414"]
[Site "http://www.queenalice.com/game.php?id=1814329"]
[Date "2023.6.19"]
[Round "2"]
[White "BeatifulDevil56"]
[Black "serinha"]
[Result "0-1"]
[WhiteElo "1877"]
[BlackElo "2673"]

1. Nf3 g6 2. c3 Bg7 3. d4 Nf6 4. Qd3 d5 5. Bf4 O-O 6. e3 Nh5 7. g3 Nxf4 8. gxf4
c5 9. dxc5 Na6 10. Bg2 Nxc5 11. Qd2 Ne4 12. Qe2 a5 13. O-O Bg4 14. Nbd2 e6 15.
Qe1 Nd6 16. Nd4 a4 17. f3 Bh5 18. Ne2 Qb6 19. Qb1 Qxe3+ 0-1

[Event "AUTO-OPEN-4414"]
[Site "http://www.queenalice.com/game.php?id=1814330"]
[Date "2023.6.19"]
[Round "2"]
[White "serinha"]
[Black "BeatifulDevil56"]
[Result "1-0"]
[WhiteElo "2682"]
[BlackElo "1924"]

1. Nh3 d5 2. g3 c6 3. Bg2 Nf6 4. O-O e5 5. d4 e4 6. c4 h6 7. cxd5 cxd5 8. f3
Bxh3 9. Bxh3 exf3 10. Rxf3 Be7 11. Rb3 b6 12. Rc3 O-O 13. Rc8 Qd6 14. Bf4 Qb4
15. Nc3 Nbd7 16. Rxa8 Rxa8 17. Bxd7 Nxd7 18. Nxd5 Qxb2 19. Nxe7+ Kh8 20. Rc1
Qxa2 21. Qd3 Qe6 22. Nf5 g5 23. d5 1-0

[Event "AUTO-OPEN-4414"]
[Site "http://www.queenalice.com/game.php?id=1814333"]
[Date "2023.6.19"]
[Round "2"]
[White "bmax"]
[Black "serinha"]
[Result "0-1"]
[WhiteElo "2332"]
[BlackElo "2675"]

1. d4 g6 2. Bf4 Bg7 3. e3 Nf6 4. Nf3 d6 5. h3 O-O 6. c3 Nbd7 7. Be2 b6 8. g4 Bb7
9. g5 Ne4 10. h4 e5 11. Bh2 Qe7 12. Nbd2 exd4 13. cxd4 c5 14. Nc4 b5 15. Na5 Bd5
16. Bxb5 Rfc8 17. Ba6 Rcb8 18. Bc4 Rxb2 19. Qc1 Bxc4 20. Qxb2 Ba6 21. Qb1 Qe6
22. Ne5 Nxe5 23. dxe5 Bxe5 24. Qxe4 Bc3+ 0-1

[Event "AUTO-OPEN-4414"]
[Site "http://www.queenalice.com/game.php?id=1814334"]
[Date "2023.6.19"]
[Round "2"]
[White "serinha"]
[Black "bmax"]
[Result "1-0"]
[WhiteElo "2681"]
[BlackElo "2314"]

1. Nh3 d5 2. g3 e5 3. f4 e4 4. d3 Nf6 5. Nf2 Bc5 6. e3 O-O 7. dxe4 dxe4 8. Qxd8
Rxd8 9. Nc3 a6 10. Bg2 Bf5 11. Ncxe4 Nxe4 12. Nxe4 Bxe4 13. Bxe4 c6 14. Bd3 Nd7
15. Ke2 Re8 16. Rd1 Nf6 17. Kf3 Nd5 18. e4 Nf6 19. b4 Bxb4 20. Rb1 a5 21. a3 Bc5
22. Rxb7 Rac8 23. g4 Re7 24. Ba6 Ree8 25. g5 Nxe4 26. Bc4 Nd6 27. Rxd6 Bxd6 28.
Rxf7 Kh8 29. Bb2 Rg8 30. Rd7 1-0

[Event "AUTO-ELITE-2440"]
[Site "http://www.queenalice.com/game.php?id=1815006"]
[Date "2023.6.26"]
[Round "2"]
[White "serinha"]
[Black "Sexxy_Bunny"]
[Result "1/2-1/2"]
[WhiteElo "2683"]
[BlackElo "2720"]

1. Nh3 d5 2. g3 e5 3. f4 Bxh3 4. Bxh3 exf4 5. d4 fxg3 6. hxg3 Bd6 7. O-O Nf6 8.
c4 O-O 9. Nc3 Nh5 10. Kg2 Nxg3 11. Rf3 Ne4 12. cxd5 Ng5 13. Bxg5 Qxg5+ 14. Kh1
Qh6 15. e4 Nd7 16. Qc1 Qh5 17. Qf1 Rae8 18. Qg2 f5 19. Kg1 Rxe4 20. Nxe4 fxe4
21. Be6+ Kh8 22. Rh3 Qe8 23. Kh1 Rf6 24. Rg1 Qe7 25. Qxe4 Nf8 26. Rg4 h6 27. Rf3
g5 28. Rxf6 Qxf6 29. Qf5 Nh7 30. a4 a5 31. Rg2 Kg7 32. Rf2 Qxf5 33. Rxf5 Nf6 34.
Kg2 Kg6 35. Rf1 h5 36. Kf3 b6 37. b3 Kg7 38. Ke2 g4 39. Rf5 Ne4 40. Kd3 Nf6 41.
Ke2 Kg6 42. Rf1 Kg5 43. Rf5+ Kg6 44. Rf1 Kg7 45. Rf5 1/2-1/2

[Event "AUTO-ELITE-2440"]
[Site "http://www.queenalice.com/game.php?id=1815007"]
[Date "2023.6.26"]
[Round "2"]
[White "Sexxy_Bunny"]
[Black "serinha"]
[Result "1/2-1/2"]
[WhiteElo "2772"]
[BlackElo "2674"]

1. e4 g6 2. d4 Bg7 3. Nc3 d6 4. Be3 a6 5. Qd2 b5 6. f3 Nd7 7. h4 h5 8. Nh3 c5 9.
Ng5 cxd4 10. Bxd4 Bxd4 11. Qxd4 Ngf6 12. a4 bxa4 13. Nxa4 Bb7 14. b4 Qc7 15. Qc4
Qxc4 16. Bxc4 O-O 17. Bb3 Rab8 18. Kd2 d5 19. Rhe1 dxe4 20. fxe4 Nh7 21. Nxh7
Kxh7 22. c3 e6 23. Bc2 Bc6 24. Nb2 Ne5 25. Rxa6 Bb5 26. Ra5 Rfd8+ 27. Kc1 Rdc8
28. Kd2 Rd8+ 29. Kc1 Rdc8 30. Kd2 Rd8+ 1/2-1/2

[Event "AUTO-OPEN-4402"]
[Site "http://www.queenalice.com/game.php?id=1815931"]
[Date "2023.7.9"]
[Round "3"]
[White "serinha"]
[Black "CCapivara"]
[Result "1-0"]
[WhiteElo "2676"]
[BlackElo "2265"]

1. Nh3 d5 2. g3 e5 3. f4 Bxh3 4. Bxh3 exf4 5. d4 fxg3 6. hxg3 Bd6 7. O-O Bxg3 8.
e4 Qh4 9. Qf3 Nf6 10. Kg2 O-O 11. Nc3 Nh5 12. Rh1 dxe4 13. Nxe4 f5 14. Bxf5 Nf4+
15. Bxf4 Qxf4 16. Qb3+ Rf7 17. Nf6+ Kf8 18. Nxh7+ Kg8 19. Raf1 Qxd4 20. Rh5 Nc6
21. Bg6 1-0

[Event "AUTO-OPEN-4402"]
[Site "http://www.queenalice.com/game.php?id=1815932"]
[Date "2023.7.9"]
[Round "3"]
[White "CCapivara"]
[Black "serinha"]
[Result "0-1"]
[WhiteElo "2262"]
[BlackElo "2674"]

1. e4 g6 2. d4 Bg7 3. c4 d6 4. Nc3 e5 5. Nge2 Ne7 6. Be3 Nd7 7. Qd2 O-O 8. O-O-O
f5 9. Bh6 Bxh6 10. Qxh6 Qe8 11. h4 Nf6 12. h5 Ng4 13. Qg5 Nxf2 14. Rg1 fxe4 15.
Rd2 Nf5 16. dxe5 e3 17. Rd5 c6 18. Rxd6 Nxd6 19. exd6 Rf5 20. Qg3 Rxh5 21. Nf4
Rf5 22. Bd3 Rxf4 0-1

[Event "AUTO-OPEN-4414"]
[Site "http://www.queenalice.com/game.php?id=1821351"]
[Date "2023.9.21"]
[Round "3"]
[White "serinha"]
[Black "MarcoCarvalho"]
[Result "0-1"]
[WhiteElo "2650"]
[BlackElo "2096"]

1. e4 c5 2. f4 e6 3. Nf3 Be7 4. d4 cxd4 5. Qxd4 Nf6 6. e5 Nd5 7. Bd2 O-O 8. Nc3
Nc6 9. Qf2 Nxc3 10. Bxc3 d5 11. a3 Bd7 12. Bd3 Rc8 13. O-O Qb6 14. Qxb6 axb6 15.
Kh1 Na5 16. h3 Nc4 17. a4 f5 18. Rfd1 Ne3 19. Rdc1 h6 20. Bd4 Bc5 21. a5 bxa5
0-1

[Event "Challenge"]
[Site "http://www.queenalice.com/game.php?id=1824876"]
[Date "2023.11.9"]
[Round "-"]
[White "jogo"]
[Black "serinha"]
[Result "0-1"]
[WhiteElo "1729"]
[BlackElo "2704"]

1. e4 g6 2. d4 Bg7 3. Nc3 d6 4. f4 a6 5. Nf3 b5 6. a3 Bb7 7. Bd3 Nd7 8. Be3 c5
9. e5 Nh6 10. Be4 Bxe4 11. Nxe4 Nf5 12. Bf2 cxd4 13. Nxd4 dxe5 14. Nc6 Qc7 15.
Nxe5 Nxe5 16. fxe5 Qxe5 17. Qe2 Qxb2 18. O-O O-O 19. g4 Nd4 20. Bxd4 Bxd4+ 21.
Kg2 Rac8 22. Rfc1 Rc4 23. Rab1 Qxa3 24. c3 Bxc3 25. Rxc3 Rxc3 26. Nxc3 Qxc3 27.
Re1 b4 28. Qxe7 b3 29. Qe3 Qxe3 30. Rxe3 Rb8 31. Re1 a5 32. Ra1 b2 0-1

[Event "Challenge"]
[Site "http://www.queenalice.com/game.php?id=1825120"]
[Date "2023.11.13"]
[Round "-"]
[White "acid"]
[Black "serinha"]
[Result "1-0"]
[WhiteElo "2751"]
[BlackElo "2705"]

1. e4 g6 2. d4 Bg7 3. Nc3 d6 4. Be3 a6 5. a4 Nf6 6. f3 O-O 7. Qd2 Nc6 8. Nge2 e5
9. d5 Ne7 10. a5 c6 11. dxc6 Nxc6 12. Na4 Nd7 13. Nb6 Nxb6 14. Bxb6 Qe7 15. Nc3
Nd4 16. Bd3 Be6 17. O-O Qh4 18. Nd5 Bxd5 19. exd5 Rfe8 20. Rae1 Bh6 21. f4 Nf5
22. Bxf5 gxf5 23. Qe2 Bg7 24. c4 Kf8 25. Bf2 Qxf4 26. Bb6 Qg5 27. c5 dxc5 28.
Qc2 f4 29. Qxh7 Rac8 30. d6 Qg4 31. Rc1 Qd7 32. Bxc5 Rc6 33. Ba3 f5 34. Rxc6
Qxc6 35. d7+ Kf7 36. Qh5+ Kf6 37. dxe8=Q 1-0

[Event "Challenge"]
[Site "http://www.queenalice.com/game.php?id=1826420"]
[Date "2023.12.3"]
[Round "-"]
[White "jogo"]
[Black "serinha"]
[Result "1-0"]
[WhiteElo "1989"]
[BlackElo "2698"]

1. e4 g6 2. d4 Bg7 3. Nc3 d6 4. f4 a6 5. Nf3 b5 6. a3 Bb7 7. Bd3 Nd7 8. Be3 c5
9. e5 Nh6 10. b3 Ng4 11. Bd2 cxd4 12. Nxd4 Qb6 13. Qxg4 Qxd4 14. O-O-O Nxe5 15.
Qg3 Nd7 16. Rhe1 Rc8 17. Qe3 Qxe3 18. Rxe3 Bxc3 19. Bxc3 Rxc3 20. Kd2 Rc7 21. g3
e6 22. b4 Ke7 23. Rde1 Rhc8 24. f5 gxf5 25. Bxf5 Ne5 26. Bd3 Nf3+ 27. Rxf3 1-0

[Event "AUTO-ELITE-2405"]
[Site "http://www.queenalice.com/game.php?id=1826540"]
[Date "2023.12.4"]
[Round "2"]
[White "Sexxy_Bunny"]
[Black "serinha"]
[Result "1-0"]
[WhiteElo "2738"]
[BlackElo "2683"]

1. e4 g6 2. d4 Bg7 3. Nc3 d6 4. Be3 a6 5. Qd2 b5 6. a4 b4 7. Nd1 a5 8. c3 Nf6 9.
f3 O-O 10. Bd3 Ba6 11. Ne2 Bxd3 12. Qxd3 Nbd7 13. cxb4 axb4 14. b3 c5 15. Rc1
Rc8 16. O-O cxd4 17. Rxc8 Qxc8 18. Nxd4 d5 19. Nf2 dxe4 20. Nxe4 Nd5 21. Rc1 Ne5
22. Qb5 Qa8 23. Nc6 Nxe3 24. Nxe5 Nf5 25. Nc6 Nd4 26. Nxd4 Bxd4+ 27. Kf1 Qd8 28.
Rd1 e5 29. Qxb4 f5 30. Nf2 1-0

[Event "AUTO-ELITE-2405"]
[Site "http://www.queenalice.com/game.php?id=1826541"]
[Date "2023.12.4"]
[Round "2"]
[White "serinha"]
[Black "Sexxy_Bunny"]
[Result "0-1"]
[WhiteElo "2676"]
[BlackElo "2745"]

1. Nh3 d5 2. g3 e5 3. f4 Bxh3 4. Bxh3 exf4 5. d4 fxg3 6. hxg3 Bd6 7. Qd3 Nc6 8.
Rf1 h6 9. a3 Nf6 10. Nc3 O-O 11. Bg2 Nh5 12. Be3 Nxg3 13. Rg1 Ne7 14. Bxd5 Nxd5
15. Nxd5 f5 16. O-O-O Qh4 17. Bf2 Qe4 18. Rxg3 Qxd5 19. c4 Qe6 20. d5 Qe4 21.
Qxe4 fxe4 22. Rg2 g5 23. Be3 Rf5 24. Kc2 Kf7 25. b4 Kg6 26. c5 Bf8 27. Kb3 Rd8
28. Kc4 h5 29. a4 Be7 0-1

[Event "AUTO-ELITE-2463"]
[Site "http://www.queenalice.com/game.php?id=1829492"]
[Date "2024.1.16"]
[Round "2"]
[White "bishop55"]
[Black "serinha"]
[Result "1-0"]
[WhiteElo "2447"]
[BlackElo "2623"]

1. e4 g6 2. d4 Bg7 3. Nc3 d6 4. Be3 a6 5. Qd2 b5 6. O-O-O Nd7 7. h4 h5 8. f3 Bb7
9. Nh3 c5 10. dxc5 Nxc5 11. Ng5 Rc8 12. Kb1 Nd7 13. Nd5 1-0

[Event "AUTO-ELITE-2463"]
[Site "http://www.queenalice.com/game.php?id=1829493"]
[Date "2024.1.16"]
[Round "2"]
[White "serinha"]
[Black "bishop55"]
[Result "0-1"]
[WhiteElo "2635"]
[BlackElo "2430"]

1. Nh3 d5 2. g3 Bf5 3. Bg2 e5 4. d4 Qd7 5. Ng5 exd4 6. O-O Nc6 7. Nf3 Bh3 8. Bf4
O-O-O 9. Nxd4 Nge7 10. Nxc6 Nxc6 0-1